000 00330 a2200157 4500
001 186045
020 _a84-87099-71-8
040 _cMagnum
100 _aMiguel, Lourdes
240 1 0 _aVacaciones al sol
_lESP
245 1 0 _aVacaciones al sol
300 _a48
362 0 _a1998
697 _aLITERATURA ESPANHOLA
942 _cBK
999 _c186045
_d186045